OCP Oracle 9i Databade: New Features for Administrators Exam Guide (Record no. 346692)

000 -LEADER
fixed length control field 00665 a2200181 4500
003 - CONTROL NUMBER IDENTIFIER
control field OSt
005 - DATE AND TIME OF LATEST TRANSACTION
control field 20180116182826.0
008 - FIXED-LENGTH DATA ELEMENTS--GENERAL INFORMATION
fixed length control field 170808b xxu||||| |||| 00| 0 eng d
020 ## - INTERNATIONAL STANDARD BOOK NUMBER
International Standard Book Number 9780070486874
040 ## - CATALOGING SOURCE
Transcribing agency 0
082 ## - DEWEY DECIMAL CLASSIFICATION NUMBER
Classification number 005.7585 BEN 2002
100 ## - MAIN ENTRY--PERSONAL NAME
Personal name Daniel Benjamin
245 ## - TITLE STATEMENT
Title OCP Oracle 9i Databade: New Features for Administrators Exam Guide
Remainder of title Prepare for This Oracle Certified Professional Exam with the Ultimate Preparation Kit
Statement of responsibility, etc. Daniel Benjamin
260 ## - PUBLICATION, DISTRIBUTION, ETC.
Place of publication, distribution, etc. Tata McGraw Hill
Name of publisher, distributor, etc. New Delhi
Date of publication, distribution, etc. 2002
300 ## - PHYSICAL DESCRIPTION
Extent 396p.
Other physical details pb.
440 ## - SERIES STATEMENT/ADDED ENTRY--TITLE
Title OCP Oracle 9i Databade: New Features for Administrators Exam Guide
942 ## - ADDED ENTRY ELEMENTS (KOHA)
Institution code [OBSOLETE] NBS
Koha item type Book
Call number prefix 005.7585 BEN 2002
Source of classification or shelving scheme
Holdings
Withdrawn status Lost status Damaged status Not for loan Permanent Location Current Location Shelving location Date acquired Total Checkouts Full call number Barcode Date last seen Date last checked out Price effective from Koha item type
        Central Library (CL) Central Library (CL) First Floor - Databases 08/28/2013 1 005.7585 BEN NBS5049 11/22/2017 08/08/2017 08/28/2013 Book
© 2023 Central Library, National University of Sciences and Technology. All Rights Reserved.